书目信息 |
| 题名: |
中国古代潮汐论著选译
|
|
| 作者: | ;中国古代潮汐史料整理研究组 编 | |
| 分册: | ||
| 出版信息: | 北京 科学出版社 1980 |
|
| 页数: | 246页 | |
| 开本: | 19cm | |
| 丛书名: | ||
| 单 册: | ||
| 中图分类: | P731.23 | |
| 科图分类: | ||
| 主题词: | 潮汐学--中国--古代--选集 | |
| 电子资源: | ||
| ISBN: | ||
| 000 | 00736nam0 2200241 45 | |
| 001 | 0180008800 | |
| 005 | 20040701101842.2 | |
| 010 | @dCNY0.85 | |
| 091 | @a13031.1209 | |
| 100 | @a19950613d1980 kemy0chiy0121 ea | |
| 101 | 0 | @achi |
| 102 | @aCN@b110000 | |
| 105 | @ay z 000yy | |
| 106 | @ar | |
| 200 | 10 | @a中国古代潮汐论著选译@Azhong guo gu dai chao xi lun zhu xuan yi@f中国古代潮汐史料整理研究组编 |
| 210 | @a北京@c科学出版社@d1980 | |
| 215 | @a246页@d19cm | |
| 606 | @a潮汐学@y中国@z古代@x选集 | |
| 690 | @aP731.23@v3 | |
| 711 | 02 | @a中国古代潮汐史料整理研究组@Azhong guo gu dai chao xi shi liao zheng liyan jiu zu@4编 |
| 801 | 0 | @aCN@b上海图书馆@c20040701 |
| 801 | 2 | @aCN@bNLC@c20040701 |
| 905 | @f1@b248271@dP731.23@e24 | |
| 中国古代潮汐论著选译/中国古代潮汐史料整理研究组编.-北京:科学出版社,1980 |
| 246页;19cm |
| ISBN :CNY0.85 |
| ● |
| 相关链接 |
|
|
|
|
正题名:中国古代潮汐论著选译
索取号:P731.23/24
 
预约/预借
| 序号 | 登录号 | 条形码 | 馆藏地/架位号 | 状态 | 备注 |
| 1 | 0248271 | 001941803 | 第三借阅区/ [索取号:P731.23/24] | 在馆 | |
| 2 | 0248272 | 000624532 | 第二样本阅览室/ [索取号:P731.23/24] | 在馆 |